00393nam a22001337a 4500020001800000082003000018100001600048245007200064250001200136260003900148300002700187526003700214650000800251 a0-408-03020-8 a624.1821bMACcL-20 P-133 aMacglinley  aStructural steelwork design to limit state theorycMacginley, T. J. a1st ed. bButterworth & Co Ltdc1987aLondon a359 p.b ill.;c24 cm. a0b0c0d624_182100000000000_MAC aMCE